[Event "Santa Maria op 4th"]
[Site "Santa Maria"]
[Date "2023.11.24"]
[Round "2"]
[White "Teixeira, Telmo De Moraes"]
[Black "Ferreira, Cladimir Nunes"]
[Result "1/2-1/2"]
[WhiteElo "2037"]
[BlackElo "1672"]
[PlyCount "113"]
[EventDate "2023.11.24"]
[EventType "swiss"]
[EventRounds "6"]
[EventCountry "BRA"]
[SourceTitle "CB49_2023"]
[SourceDate "2023.12.06"]
[SourceVersion "1"]
[SourceVersionDate "2023.12.06"]
[SourceQuality "1"]

1. d4 Nf6 2. c4 e6 3. Nf3 d5 4. g3 Be7 5. Bg2 0-0 6. 0-0 c5 7. cxd5 exd5 8. Nc3 Nc6 9. dxc5 Bxc5 10. Bg5 d4 11. Bxf6 Qxf6 12. Ne4 Qe7 13. Nxc5 Qxc5 14. Rc1 Qb6 15. Qd2 Be6 16. b3 h6 17. Rfd1 Rad8 18. Qb2 Rd7 19. Rd2 Rfd8 20. Rcd1 a5 21. h3 Qb4 22. Kh2 a4 23. bxa4 Qxa4 24. a3 Bb3 25. Rb1 Na5 26. Kg1 Nc4 27. Qxb3 Qxb3 28. Rxb3 Nxd2 29. Nxd2 Rc8 30. Rxb7 Rxb7 31. Bxb7 Rc2 32. Nf3 Rxe2 33. Nxd4 Ra2 34. Nb5 Rb2 35. a4 Rb4 36. Bf3 Rxa4 37. Kg2 Kf8 38. Nc3 Rc4 39. Nd1 Ke7 40. Ne3 Rc5 41. h4 g6 42. Ng4 h5 43. Nh2 f5 44. Nf1 Ke6 45. Ne3 Ra5 46. Be2 Ra4 47. Bb5 Rd4 48. Be8 Kf6 49. Kf3 Rd8 50. Bb5 g5 51. hxg5+ Kxg5 52. Bc4 Rd4 53. Be6 f4 54. Ng2 Rd3+ 55. Ke2 f3+ 56. Kf1 fxg2+ 57. Kxg2 1/2-1/2

[Event "Santa Maria op 4th"]
[Site "Santa Maria"]
[Date "2023.11.24"]
[Round "1"]
[White "Teixeira, Telmo De Moraes"]
[Black "Righi, Luiz Antonio"]
[Result "1-0"]
[WhiteElo "2037"]
[BlackElo "1690"]
[PlyCount "103"]
[EventDate "2023.11.24"]
[EventType "swiss"]
[EventRounds "6"]
[EventCountry "BRA"]
[SourceTitle "CB49_2023"]
[SourceDate "2023.12.06"]
[SourceVersion "1"]
[SourceVersionDate "2023.12.06"]
[SourceQuality "1"]

1. d4 Nf6 2. c4 e6 3. Nf3 d5 4. g3 c6 5. Bg2 Be7 6. 0-0 0-0 7. Nbd2 Nbd7 8. Qc2 Re8 9. b3 Bf8 10. Bb2 h6 11. Rac1 Nh7 12. e4 Ng5 13. e5 f5 14. exf6 Nxf3+ 15. Nxf3 Qxf6 16. Rfe1 Qd8 17. Qg6 Nf6 18. Ne5 Re7 19. Ba3 Rc7 20. Bxf8 Qxf8 21. c5 Qe8 22. Qc2 Bd7 23. Qe2 Qd8 24. Nxd7 Qxd7 25. Qxe6+ Qxe6 26. Rxe6 Re8 27. Rxe8+ Nxe8 28. Re1 Nf6 29. f3 Kf8 30. Bh3 b6 31. cxb6 axb6 32. Bf5 Ra7 33. Rc1 Rc7 34. b4 Ne8 35. a4 Nd6 36. Bd3 Ke7 37. Kf2 Kd7 38. b5 c5 39. dxc5 Rxc5 40. Rc2 Rxc2+ 41. Bxc2 Nc4 42. Ke2 Kd6 43. Kd3 Ne5+ 44. Ke3 g5 45. h3 Nc4+ 46. Kd4 Ne5 47. f4 gxf4 48. gxf4 Nf3+ 49. Ke3 Ng1 50. Bf5 d4+ 51. Kf2 Nxh3+ 52. Bxh3 1-0